Find the imposters - Football Clubs - Statistics

General Stats
  • This quiz has been taken 106 times
  • The average score is 39 of 45
Answer Stats
Question Tile Select % Correct
of France Nantes No
98%
of France Reims No
98%
of France Saint Étienne No
98%
of Germany Borussia M’Gladbach No
97%
of Germany Hertha BSC No
97%
of England (and Wales) Aston Villa No
96%
of Italy Cagliari No
96%
of England (and Wales) Crystal Palace No
96%
of Spain Osasuna No
96%
of Germany Schalke No
96%
of England (and Wales) Wolverhampton Wanderers No
96%
of Spain Cadiz No
95%
of Germany St Pauli No
95%
of England (and Wales) Swansea No
95%
of Italy Atalanta Bergamo No
93%
of Spain Boca Juniors Yes
93%
of England (and Wales) Derby County No
93%
of France Getafe Yes
93%
of Italy Sampdoria No
93%
of Italy Sassuolo No
93%
of France Metz No
92%
of Italy Olympique Lyon Yes
92%
of Italy Salernitana No
91%
of England (and Wales) Columbus Crew Yes
89%
of Spain Braga Yes
88%
of England (and Wales) Corinthians Yes
88%
of Italy Inter Miami Yes
88%
of Italy Monza No
88%
of England (and Wales) Grasshoppers Yes
87%
of Germany Lech Poznan Yes
85%
of Germany Bodo Glimt Yes
84%
of France Ajaccio No
83%
of Germany Red Bull Salzburg Yes
82%
of Germany Elche Yes
80%
of England (and Wales) Newcastle Jets Yes
80%
of Spain Palmeiras Yes
80%
of Spain Atletico Mineiro Yes
72%
of France Servette Yes
72%
of France Lausanne-Sport Yes
71%
of Germany St Gallen Yes
70%
of Italy Lugano Yes
67%
of France Saint Gilloise Yes
67%
of Spain Penarol Yes
65%
of Spain Club Leon Yes
62%
of Spain Toluca Yes
54%
No matching quizzes found
Score Distribution
Percent of People with Each Score
Percentile by Number Answered
Your Score History
You have not taken this quiz